Statistics for All time FC Barcelona best players

Click here to take the quiz!

General Stats

  • This quiz has been taken 349 times
    (346 since last reset)
  • The average score is 27 of 41

Answer Stats

HintAnswer% Correct
RW - ArgentinianLionel Messi
97%
GK - GermanTer Stegen
94%
ST - UruguayanLuis Suarez
93%
CM - SpanishXavi
92%
CM - SpanishAndres Iniesta
91%
CB - SpanishPique
90%
CDM - SpanishBusquets
89%
ST - CameroonianSamuel Eto'o
89%
RB - BrazilDani Alves
88%
LW - BrazilianNeymar
88%
LB - SpanishJordi Alba
87%
CB - SpanishPuyol
87%
GK - SpanishValdes
87%
LW - BrazilianRonaldinho
83%
ST - FrenchThierry Henry
82%
CB - NetherlandsKoeman
74%
Honorable mention
ST - Brazilian
Ronaldo
74%
Henrik Larsson
ST - Sweden
Zlatan Ibrahimovic
74%
CAM - NetherlandsJohan Cruyff
72%
Honorable mention
CM - Crotian
Rakitic
72%
LW - BulgarianHristo Stoichkov
69%
Honorable mention
CB - Argentinian
Mascherano
69%
RW - ChileanSanchez
69%
Honorable mention
ST - Sweden
Larsson
68%
CAM - ArgentinianMaradona
67%
LB - FranceAbidal
64%
CAM - DenmarkLaudrup
64%
CM - PortugueseDeco
62%
Honorable mention
ST - Spanish
David Villa
60%
Honorable mention
RW - Spanish
Pedro
60%
RW - BrazilianRivaldo
56%
Honorable mention
CB - Mexican
Marquez
53%
CDM - SpanishGuardiola
50%
Honorable mention
ST - Netherlands
Patrick Kluivert
43%
Honorable mention
CM - Spanish
Fabregas
37%
GK - SpanishZubizarreta
29%
Honorable mention
CDM - Netherlands
Davids
17%
LB - ItalianBelletti
13%
CDM - SpanishLuis Enrique
9%
RB - SpanishFerrer
7%
RB - SpanishOrtega
2%

Score Distribution

Percentile by Number Answered

Percent of People with Each Score

Your Score History

You have not taken this quiz since the last reset